[Event "FRA-chT3 Gr01 0607"]
[Site "France"]
[Date "2007.03.31"]
[Round "8.2"]
[White "Kohler, Serge"]
[Black "Jeanjean, Dominique"]
[Result "0-1"]
[WhiteElo "1960"]
[BlackElo "2174"]
[PlyCount "74"]
[EventDate "2006.10.15"]
[EventType "team"]
[EventRounds "9"]
[EventCountry "FRA"]
[SourceTitle "EXT 2008"]
[Source "ChessBase"]
[SourceDate "2007.11.25"]
[SourceVersion "1"]
[SourceVersionDate "2007.11.25"]
[SourceQuality "1"]

1. d4 Nf6 2. c4 e6 3. Nc3 d5 4. e3 Be7 5. Bd2 c6 6. c5 Nbd7 7. f4 Ne4 8. Nxe4 dxe4 9. Ne2 b6 10. b4 Ba6 11. Ng3 Bxf1 12. Nxf1 b5 13. Bc3 Nf6 14. Ng3 Qd5 15. Bd2 Qd8 16. Bc3 Nd5 17. Bd2 f5 18. Ne2 0-0 19. a3 Bf6 20. Nc3 Nxf4 21. exf4 Qxd4 22. Ra2 e3 23. Ne2 exd2+ 24. Qxd2 Qxd2+ 25. Rxd2 Rfd8 26. Rc2 a5 27. 0-0 Rd3 28. Nc1 Rxa3 29. bxa5 b4 30. Re1 b3 31. Nxb3 Rxb3 32. Rxe6 Rxa5 33. Rxc6 Ra1+ 34. Kf2 Bd4+ 35. Ke2 Rg1 36. Rd2 Rxg2+ 37. Kd1 Rb1+ 0-1